000
00228nam a22000857a 4500
008
161205b xxu||||| |||| 00| 0 eng d
100
_9
1789
_a
Tanner.I.J.
245
_a
Loneliness the Fear of Love
260
_a
Newyork
_b
Harper & Row
_c
1973
999
_c
4498
_d
4498